000 00246nam a22001097a 4500
082 _a621.381535 SEN'V
100 _aSENTZ, R. E
_979835
245 _aVOLTAGE AND POWER AMPLIFIERS
260 _aNEWYORK
_bHOLT
_c1968
300 _a282P
942 _cBK
999 _c584957
_d584957